Writing essays in English language and linguistics : (Record no. 117839)
[ view plain ]
| 000 -LEADER | |
|---|---|
| fixed length control field | 00588nam a2200169Ia 4500 |
| 008 - FIXED-LENGTH DATA ELEMENTS--GENERAL INFORMATION | |
| fixed length control field | 140529s9999 xx 000 0 und d |
| 020 ## - INTERNATIONAL STANDARD BOOK NUMBER | |
| International Standard Book Number | 9780521128469 |
| 050 ## - LIBRARY OF CONGRESS CALL NUMBER | |
| Classification number | P 121 |
| Item number | .M929 2012 |
| 100 ## - MAIN ENTRY--PERSONAL NAME | |
| Personal name | Murray, Neil. |
| 245 ## - TITLE STATEMENT | |
| Title | Writing essays in English language and linguistics : |
| Remainder of title | principles, tips and strategies for undergraduates / |
| Statement of responsibility, etc | Neil Murray |
| 260 ## - PUBLICATION, DISTRIBUTION, ETC. (IMPRINT) | |
| Place of publication, distribution, etc | Cambridge ; New York : |
| Name of publisher, distributor, etc | Cambridge University Press, |
| Date of publication, distribution, etc | c2012. |
| 300 ## - PHYSICAL DESCRIPTION | |
| Extent | 236 p. ; |
| Dimensions | 25 cm. |
| 500 ## - GENERAL NOTE | |
| General note | Includes glossary, bibliographical references and index. |
| 521 ## - TARGET AUDIENCE NOTE | |
| Target audience note | |
| 942 ## - ADDED ENTRY ELEMENTS (KOHA) | |
| Call number prefix | Foreign |
| Koha item type | Books |
| Withdrawn status | Lost status | Damaged status | Home library | Current library | Shelving location | Date acquired | Cost, normal purchase price | Total Checkouts | Full call number | Barcode | Date last seen | Price effective from | Koha item type |
|---|---|---|---|---|---|---|---|---|---|---|---|---|---|
| College Library | College Library | Reserve Section | 05/30/2014 | 2380.00 | P 121 .M929 2012 | C15159 | 05/15/2018 | 05/30/2014 | Books |